FIFA World Cup 2022 - Statistics

General Stats
  • This quiz has been taken 10 times
  • The average score is 5 of 8
Answer Stats
Question Answer % Correct
Which country, that won at least 1 World Cup, did not qualify? Italy
89%
Which country got withdrew / suspended? Russia
89%
Before the cup, which country in the UEFA was the best? Belgium
78%
Who was the Winner of Group G? Brazil
78%
Before the Cup, which place was Argentina in? 3
67%
After the World Cup, which place is Italy in now? 9
67%
Which country has the point of 1807.83? England
56%
When did the 2022 Finale take place? 18th December
22%
No matching quizzes found
Score Distribution
Percent of People with Each Score
Percentile by Number Answered
Your Score History
You have not taken this quiz